ARRUPE JESUIT UNIVERSITY

CORONAVIRUS -STOP THE SPREAD - CLEAN,DISINFECT,COVER

The ASJA guide to freelance writing : (Record no. 131098)

MARC details
000 -LEADER
fixed length control field 01476cam a2200325 a 4500
001 - CONTROL NUMBER
control field 13168639
003 - CONTROL NUMBER IDENTIFIER
control field ARRUPE
005 - DATE AND TIME OF LATEST TRANSACTION
control field 20211104091301.0
008 - FIXED-LENGTH DATA ELEMENTS--GENERAL INFORMATION
fixed length control field 030418s2003 nyu 001 0 eng
010 ## - LIBRARY OF CONGRESS CONTROL NUMBER
LC control number 2003009125
020 ## - INTERNATIONAL STANDARD BOOK NUMBER
International Standard Book Number 0312318529 (pbk.)
040 ## - CATALOGING SOURCE
Original cataloging agency DLC
Transcribing agency DLC
Modifying agency DLC
050 00 - LIBRARY OF CONGRESS CALL NUMBER
Classification number PN145
Item number .A79 2003
082 00 - DEWEY DECIMAL CLASSIFICATION NUMBER
Classification number 808/.02/023
Edition number 21
300 ## - PHYSICAL DESCRIPTION
Dimensions 21 cm.
245 04 - TITLE STATEMENT
Title The ASJA guide to freelance writing :
Remainder of title a professional guide to the business, for nonfiction writers of all experience levels /
Statement of responsibility, etc edited by Timothy Harper ; foreword by Samuel G. Freedman.
250 ## - EDITION STATEMENT
Edition statement 1st ed.
260 ## - PUBLICATION, DISTRIBUTION, ETC. (IMPRINT)
Place of publication, distribution, etc New York :
Name of publisher, distributor, etc St. Martin's Griffin,
Date of publication, distribution, etc 2003.
300 ## - PHYSICAL DESCRIPTION
Extent xix, 314 p. ;
500 ## - GENERAL NOTE
General note Includes index.
650 #0 - SUBJECT ADDED ENTRY--TOPICAL TERM
Topical term or geographic name as entry element Authorship.
9 (RLIN) 40542
650 #0 - SUBJECT ADDED ENTRY--TOPICAL TERM
Topical term or geographic name as entry element Authorship
General subdivision Vocational guidance.
9 (RLIN) 15932
700 1# - ADDED ENTRY--PERSONAL NAME
Personal name Harper, Timothy,
Dates associated with a name 1950-
9 (RLIN) 50958
710 2# - ADDED ENTRY--CORPORATE NAME
Corporate name or jurisdiction name as entry element American Society of Journalists and Authors.
9 (RLIN) 50959
856 42 - ELECTRONIC LOCATION AND ACCESS
Materials specified Contributor biographical information
Uniform Resource Identifier <a href="http://www.loc.gov/catdir/bios/hol053/2003009125.html">http://www.loc.gov/catdir/bios/hol053/2003009125.html</a>
856 42 - ELECTRONIC LOCATION AND ACCESS
Materials specified Publisher description
Uniform Resource Identifier <a href="http://www.loc.gov/catdir/description/hol041/2003009125.html">http://www.loc.gov/catdir/description/hol041/2003009125.html</a>
856 41 - ELECTRONIC LOCATION AND ACCESS
Materials specified Table of contents
Uniform Resource Identifier <a href="http://www.loc.gov/catdir/toc/ecip043/2003009125.html">http://www.loc.gov/catdir/toc/ecip043/2003009125.html</a>
906 ## - LOCAL DATA ELEMENT F, LDF (RLIN)
a 7
b cbc
c orignew
d 1
e ecip
f 20
g y-gencatlg
942 ## - ADDED ENTRY ELEMENTS (KOHA)
Source of classification or shelving scheme Library of Congress Classification
Koha item type Monograph ( Printed materials)
Holdings
Withdrawn status Lost status Source of classification or shelving scheme Damaged status Not for loan Collection code Home library Current library Shelving location Date acquired Total Checkouts Full call number Barcode Date last seen Price effective from Koha item type
    Library of Congress Classification     Main Collection ARRUPE LIBRARY ARRUPE LIBRARY Main Collection 04/11/2021   PN145 .A79 2003 46600007090 04/11/2021 04/11/2021 Monograph ( Printed materials)

 

Arrupe Library. PO Box MP320 Mt Pleasant, Harare, Zimbabwe
263 242 745411|librarian@aju.ac.zw